| 000 | 00506nam a2200169Ia 4500 | ||
|---|---|---|---|
| 008 | 260520s2021 xx 000 0 und d | ||
| 020 | _a978-93-90862-34-4 | ||
| 041 | _amar | ||
| 082 | _a910.285/BHA | ||
| 100 | _aभैसे, संजय | ||
| 245 | _aभौगोलिक माहिती प्रणाली | ||
| 250 | _a1st ed | ||
| 260 |
_aजळगाव _bप्रशांत पब्लिकेशन _c2021 |
||
| 300 | _a110p. | ||
| 500 | _aCat No: 15067 | ||
| 650 | _aGEOGRAPHY | ||
| 999 |
_c1221874 _d1221874 |
||